000 00305nam a22001217a 4500
082 _a425
_bREA/H
100 _aKAHN,JOHN ELLISON
245 _aHOW TO WRITE AND SPEAK BETTER
260 _aLONDON
_b THE READERS DIGEST ASSOCIATION LIMITED
300 _a655
650 _aGENERAL KNOWLEDGE
_zLONDON
942 _cBK
999 _c2909
_d2909